Sports Quiz

Random Sports or Rugby Quiz

RBS Six Nations All Time Appearances Quiz Stats

 Plays Quiz Updated Mar 18, 2018

Score 0/35 Timer 07:00
0 Plays Today
Nation, Years Player % Correct
Ireland, 1999-2014Brian O'Driscoll
91%
Wales, 2006-2014Alun Wyn Jones
76.7%
Ireland, 2000-2013Ronan O'Gara
76.2%
Wales, 2003-2014Adam Jones
75.6%
Wales, 1998-2011Stephen Jones
75.5%
Ireland, 2002-2015Paul O'Connell
74.2%
Italy, 2002-presentSergio Parisse
73.6%
Wales, 1996-2012Martyn Williams
65.4%
Ireland, 2005-presentRory Best
55.3%
Italy, 2002-2016Martin Castrogiovanni
49%
Italy, 1998-2015Mauro Bergamasco
48.5%
Italy, 2002-2012Mirco Bergamasco
48.2%
Wales, 2002-2016Gethin Jenkins
46.6%
Ireland, 1999-2015Gordon D'Arcy
46.3%
Scotland, 1999-2011Chris Paterson
45.6%
Ireland, 2000-2011Peter Stringer
44.2%
England, 2008-presentDylan Hartley
37.7%
Ireland, 2006-2017Jamie Heaslip
37.4%
Nation, Years Player % Correct
Ireland, 2007-presentRobert Kearney
35.8%
Ireland, 2003-2013Donncha O'Callaghan
35.1%
Wales, 2008-2017Jamie Roberts
34%
England, 2010-presentDan Cole
33.4%
Ireland, 2000-2011John Hayes
32.1%
Scotland, 2004-2017Ross Ford
31.3%
Ireland, 2010-presentCian Healy
27.2%
England, 2007-presentJames Haskell
24.5%
Scotland, 2004-2016Sean Lamont
22.6%
Italy, 2001-2016Marco Bortolami
17.2%
Italy, 2005-presentAlessandro Zanni
14.6%
Italy, 2008-2017Luke McLean
13.9%
Italy, 2006-presentLeonardo Ghiraldini
12.5%
Italy, 1999-2015Andrea Masi
10.1%
Italy, 2000-2013Andrea Lo Cicero
9.3%
Italy, 2003-2013Gonzalo Canale
4.4%
Italy, 2000-presentSalvatore Perugini
2.4%

You're not logged in!

Compare scores with friends on all Sporcle quizzes.
OR
Log In

Show Comments

Extras

Top Quizzes Today


Score Distribution

Your Account Isn't Verified!

In order to create a playlist on Sporcle, you need to verify the email address you used during registration. Go to your Sporcle Settings to finish the process.

Report this User

Report this user for behavior that violates our Community Guidelines.

Details: